| 000 | 00899nam a22002777i 4500 | ||
|---|---|---|---|
| 003 | DO-SdBNP | ||
| 005 | 20260302080342.0 | ||
| 007 | ta | ||
| 008 | 210916b 2018 dr 00| 0 eng d | ||
| 020 | _a9789945195798 | ||
| 040 |
_aDO-SdBNP _bspa _cBNPHU _erda |
||
| 082 | 4 |
_aRD861.44 _bA414m _222 |
|
| 100 | 1 |
_aAlix, Juan Antonio, _d1833-1918 _eautor _911349 |
|
| 245 | 1 | 4 |
_aLos mangos bajitos : _cy otras décimas / _bJuan Antonio Alix |
| 264 |
_aSanto Domingo : _bLoqueleo, _c2018. |
||
| 300 |
_a108 páginas ; _c22 cm. |
||
| 336 |
_2rdacontent _atexto _btxt |
||
| 337 |
_2rdamedia _asin mediación _bn |
||
| 338 |
_2rdacarrier _avolumen _bnc |
||
| 500 | _aIncluye datos biográficos del autor en la contracubierta | ||
| 590 | _aInventariado, 2022 / DG | ||
| 650 | 4 |
_aPoesía dominicana _966 |
|
| 650 | 0 |
_aLiteratura dominicana. _967 |
|
| 910 | _aBT/Validado. Control de calidad MFF | ||
| 942 |
_2ddc _cLBS1 |
||
| 999 |
_c50534 _d50534 |
||